000 00635cam a2200229 4500500
005 20260329003648.0
041 _afre
042 _adc
100 1 0 _aGalou, Adam
_eauthor
245 0 0 _aEntrez dans l’intense !
260 _c2016.
500 _a49
690 _aDurée
690 _aÉternalisme
690 _aÉternité
690 _aIntensité
690 _aPrésent
690 _aTemps
690 _aTristan Garcia
786 0 _nPhilosophie magazine | 101 | 7 | 2016-07-01 | p. 41-42 | 1951-1787
856 4 1 _uhttps://shs.cairn.info/magazine-philosophie-magazine-2016-7-page-41?lang=fr&redirect-ssocas=7080
999 _c1826524
_d1826524